| 000 | 00454nam a2200193Ia 4500 | ||
|---|---|---|---|
| 005 | 20240823011946.0 | ||
| 008 | 240823s9999||||xx |||||||||||||| ||und|| | ||
| 041 | _aENGLISH | ||
| 082 | _A658.15 P1 | ||
| 100 | _aBatra G S | ||
| 245 | 0 | _aFinancial Services | |
| 250 | _a1st | ||
| 260 |
_c2001 _b"Deep and Deep,New Delhi" |
||
| 500 | _aYES | ||
| 650 |
_aManagement _bManagement Studies |
||
| 700 | _a Dangwal (ed) | ||
| 942 | _cBK | ||
| 999 |
_c163020 _d163020 |
||